LEADER 01317nam0 2200277 i 450 001 SUN0068816 005 20090414120000.0 100 $a20090409d1978 |0itac50 ba 101 $aita 102 $aIT 105 $a|||| ||||| 200 1 $aProblemi di metrica classica$emiscellanea filologica 205 $aGenova : Università$bFacoltà di lettere$bIstituto di filologia classica e medievale$b1978 210 $d222 p. ; 21 cm 215 $aRelazioni presentate al Congresso tenuto a Genova nel 1976. 410 1$1001SUN0068817$12001 $aPubblicazioni dell'Istituto di filologia classica e medievale dell'Università di Genova$v47$1210 $aGenova$cIstituto di filologia classica e medievale. 620 $dGenova$3SUNL000035 676 $a486$v21 712 02$aGiornate filologiche genovesi$c4.$f1976$3SUNV054423 712 $aUniversità degli studi di Genova$3SUNV002882$4650 801 $aIT$bSOL$c20181109$gRICA 912 $aSUN0068816 950 $aUFFICIO DI BIBLIOTECA DEL DIPARTIMENTO DI LETTERE E BENI CULTURALI$d07 CONS Xa 1760 $e07 1975 995 $aUFFICIO DI BIBLIOTECA DEL DIPARTIMENTO DI LETTERE E BENI CULTURALI$bIT-CE0103$h1975$kCONS Xa 1760$oc$qa 996 $aProblemi di metrica classica$9171273 997 $aUNICAMPANIA LEADER 01052nam0 22002771i 450 001 SUN0017740 005 20140625025023.238 010 $a18-589-8339-8 100 $a20040614d1999 |0engc50 ba 101 $aeng 102 $aGB 105 $a|||| ||||| 200 1 $aEnvironmental policy in the European Union$fPamela M. Barnes, Ian G. Barnes 210 $aCheltenham$cElgar$dc1999 215 $aXIV, 344 p.$d25 cm. 620 $dCheltenham$3SUNL000120 676 $a363.70094$v21 700 1$aBarnes$b, Pamela M.$3SUNV013710$0527067 701 1$aBarnes$b, Ian G.$3SUNV013714$0729282 712 $aElgar$3SUNV000467$4650 801 $aIT$bSOL$c20181109$gRICA 912 $aSUN0017740 950 $aUFFICIO DI BIBLIOTECA DEL DIPARTIMENTO DI GIURISPRUDENZA$d00 CONS X.Ed.112 $e00 25866 995 $aUFFICIO DI BIBLIOTECA DEL DIPARTIMENTO DI GIURISPRUDENZA$h25866$kCONS X.Ed.112$op$qa 996 $aEnvironmental policy in the European Union$91428853 997 $aUNICAMPANIA